[Event "AUTO-OPEN-3753"]
[Site "http://www.queenalice.com/game.php?id=1459631"]
[Date "2017.1.15"]
[Round "1"]
[White "anceliogondim"]
[Black "Antonino"]
[Result "0-1"]
[WhiteElo "2019"]
[BlackElo "2056"]

1. d4 d5 2. e3 e6 3. c4 Nf6 4. Qb3 Be7 5. h3 O-O 6. Nf3 c5 7. Be2 Nc6 8. cxd5
exd5 9. Bd2 c4 10. Qc2 b5 11. O-O Ne4 12. Nc3 Nxd2 13. Qxd2 b4 14. Na4 Bd7 15.
b3 Na5 16. Rab1 Bb5 17. Qc2 cxb3 18. axb3 Bxa4 19. bxa4 Rc8 20. Qf5 Nc4 21. Rfc1
a5 22. Ne5 g6 23. Qf4 Bd6 24. Nxf7 Rxf7 25. Qg4 Qf8 26. f3 Rcc7 27. e4 Bf4 28.
Re1 Be3+ 29. Kh1 Bxd4 30. exd5 Rf4 31. Qe6+ Kh8 32. Rbc1 Bc3 33. Red1 Re7 34.
Qc6 Rxe2 35. d6 Nxd6 36. Rxd6 Rd2 37. Rxd2 Bxd2 38. Rd1 Rd4 39. Qb5 Qd8 40. f4
Kg8 41. Qe5 Qd5 42. Qe8+ Kg7 43. Qe7+ Kh6 44. Qf8+ Kh5 45. Qe7 Bxf4 46. Qf8
Rxd1# 0-1

[Event "AUTO-OPEN-3753"]
[Site "http://www.queenalice.com/game.php?id=1459652"]
[Date "2017.1.15"]
[Round "1"]
[White "solzhenitsyn"]
[Black "anceliogondim"]
[Result "1/2-1/2"]
[WhiteElo "2100"]
[BlackElo "2004"]

1. d4 d5 2. c4 c6 3. Nf3 Nf6 4. Nc3 dxc4 5. e4 b5 6. Bg5 Bg4 7. Bxf6 exf6 8. Be2
Bd6 9. O-O Qc7 10. h3 Bd7 11. Qc2 O-O 12. Rad1 Na6 13. a3 Rfe8 14. Rfe1 Qc8 15.
Bf1 Nc7 16. a4 a6 17. e5 fxe5 18. dxe5 Bc5 19. Ne4 Ne6 20. Nxc5 Nxc5 21. Qd2 Be6
22. axb5 cxb5 23. Qc3 Qb7 24. Rd6 Rad8 25. Red1 Rxd6 26. exd6 Rd8 27. Ng5 Ne4
28. Nxe4 Qxe4 29. Qa5 Qa8 30. Be2 Qc8 31. Bf3 g6 32. Bb7 Qb8 33. Qxa6 Rd7 34.
Be4 Rd8 35. Qb7 Qxb7 36. Bxb7 b4 37. Kh2 Kf8 38. f3 Ke8 39. Bc6+ Bd7 40. Re1+
Kf8 41. Bxd7 Rxd7 42. Rd1 Ke8 43. Rd4 Kd8 44. Rxc4 Rxd6 45. Rxb4 Kc8 46. Rh4 h5
47. Rc4+ Kd7 48. Rf4 Ke8 49. b4 Rb6 50. Re4+ Kd7 51. Kg3 Rb7 52. Kf4 Rb5 53. h4
f6 54. g4 g5+ 55. hxg5 fxg5+ 56. Kg3 h4+ 57. Kh3 Rd5 58. Re3 Rb5 59. Re4 Rd5 60.
Re3 Rb5 61. f4 gxf4 62. Re4 f3 63. Rf4 Ke6 64. Kxh4 f2 65. Rxf2 Rxb4 66. Kh5 Rb8
67. g5 Rb5 68. Kh6 Rb3 69. Rh2 Rb8 70. Re2+ Kf7 71. Rf2+ Kg8 72. Rg2 Rb1 73. Rh2
Rg1 74. Kg6 Rc1 75. Rf2 Rc7 76. Re2 Rg7+ 77. Kf5 Rc7 78. g6 Kg7 79. Re1 Rc5+ 80.
Re5 Rxe5+ 81. Kxe5 Kxg6 82. Kf4 Kf6 1/2-1/2

[Event "AUTO-OPEN-3753"]
[Site "http://www.queenalice.com/game.php?id=1459653"]
[Date "2017.1.15"]
[Round "1"]
[White "anceliogondim"]
[Black "solzhenitsyn"]
[Result "0-1"]
[WhiteElo "2028"]
[BlackElo "2205"]

1. d4 Nf6 2. Nf3 e6 3. h3 Bb4+ 4. Bd2 Bxd2+ 5. Qxd2 O-O 6. Nc3 b6 7. O-O-O Bb7
8. Qd3 d5 9. e3 Nbd7 10. g4 a5 11. Be2 Ba6 12. Qd2 Bxe2 13. Qxe2 Qe7 14. Qd3 c5
15. g5 Ne8 16. h4 c4 17. Qe2 Nc7 18. Rdg1 b5 19. Nd2 b4 20. Ncb1 Nb5 21. Nf3 a4
22. e4 a3 23. b3 dxe4 24. Qxe4 cxb3 25. cxb3 Rac8+ 26. Kd2 Nc3 27. Nxc3 bxc3+
28. Ke2 Qb4 29. Rc1 Nc5 30. Qe3 Qb5+ 31. Kd1 Qd3+ 32. Qxd3 Nxd3 33. Rc2 Nb4 34.
Re2 c2+ 0-1

[Event "AUTO-OPEN-3753"]
[Site "http://www.queenalice.com/game.php?id=1459664"]
[Date "2017.1.15"]
[Round "1"]
[White "mvson33"]
[Black "anceliogondim"]
[Result "0-1"]
[WhiteElo "1730"]
[BlackElo "2024"]

1. e4 e5 2. Nf3 d6 3. Bc4 h6 4. Nc3 Nf6 5. O-O Nc6 6. d3 Be7 7. a3 a6 8. Bd2 g5
9. h3 g4 10. hxg4 Bxg4 11. Nd5 h5 12. Nxf6+ Bxf6 13. Bd5 Qd7 14. Re1 O-O-O 15.
Ba2 h4 16. Bd5 Nd4 17. Re3 Rdg8 18. Kf1 h3 19. gxh3 Bxh3+ 20. Ke1 Nxf3+ 21. Qxf3
Rg1+ 0-1

[Event "AUTO-OPEN-3753"]
[Site "http://www.queenalice.com/game.php?id=1459665"]
[Date "2017.1.15"]
[Round "1"]
[White "anceliogondim"]
[Black "mvson33"]
[Result "1/2-1/2"]
[WhiteElo "2008"]
[BlackElo "1734"]

1. d4 Nf6 2. Nf3 d5 3. e3 a6 4. c4 dxc4 5. Bxc4 e6 6. Nc3 Be7 7. Qb3 O-O 8. Bd3
Bd7 9. Ne5 Qc8 10. Ne4 Nc6 11. Nxf6+ Bxf6 12. Nxd7 Qxd7 13. O-O Rab8 14. Qc2 g6
15. a3 Rbc8 16. Bd2 Bg7 17. b4 Rfd8 18. Rab1 Qe7 19. Be4 Qd7 20. Rfc1 Bf6 21.
Bxc6 bxc6 22. Qxc6 Qxc6 23. Rxc6 Rd6 24. Rxd6 cxd6 25. Rc1 Rxc1+ 26. Bxc1 Bg7
27. Kf1 Kf8 28. Ke2 Ke7 29. Kd3 Kd7 30. Kc4 Kc7 31. Bd2 Kb6 32. e4 Bh8 33. Bh6
Kc6 34. Bf8 d5+ 35. Kd3 Kb5 36. exd5 exd5 37. Bh6 Ka4 38. Bc1 Bg7 39. f3 Bf8 40.
Kc3 Bd6 41. h3 f5 42. f4 Be7 43. g3 Bd6 44. Kb2 Be7 45. Be3 Bf6 46. g4 fxg4 47.
hxg4 Bg7 48. Ka2 Bf6 49. g5 Bg7 50. Kb2 Bh8 51. Bf2 Bg7 52. Bg1 Bf8 53. Be3 a5
54. bxa5 Kxa5 55. Kb3 Be7 56. Bd2+ Ka6 57. a4 Bd6 58. Kc2 Bc7 59. Kb2 Kb6 60.
Kb3 Ka6 61. Ka3 Bb6 62. Bc3 Bc7 63. Bd2 Bd6+ 64. Kb3 Kb6 65. Kc2 Ka6 66. Kb3
1/2-1/2

[Event "Let's Play Chess!"]
[Site "http://www.queenalice.com/game.php?id=1464164"]
[Date "2017.2.13"]
[Round "-"]
[White "anceliogondim"]
[Black "igorjava"]
[Result "1-0"]
[WhiteElo "1997"]
[BlackElo "2005"]

1. f4 d5 2. e3 Nc6 3. Nf3 Nf6 4. Bb5 a6 5. Bxc6+ bxc6 6. O-O Bg4 7. c4 e6 8. Qa4
Qd6 9. Ne5 Be2 10. b3 dxc4 11. Ba3 Qd5 12. Nc3 Qd6 13. Bxd6 Bxf1 14. Qxc6+ Kd8
15. Qxa8# 1-0

[Event "World's Challenge - Game 003"]
[Site "http://www.queenalice.com/game.php?id=1465281"]
[Date "2017.2.19"]
[Round "-"]
[White "AyltonChessGM"]
[Black "anceliogondim"]
[Result "0-1"]
[WhiteElo "2232"]
[BlackElo "2013"]

1. e4 e5 2. Nf3 Nc6 3. Nc3 Be7 4. Bc4 Nf6 5. d3 d6 6. h3 Na5 7. Bb3 O-O 8. O-O
Nxb3 9. axb3 c5 10. Bg5 Bd7 11. Qd2 h6 12. Bxf6 Bxf6 13. Nd5 a5 14. Kh2 b6 15.
Qe2 Rb8 16. Nd2 Bg5 17. Nc4 Be6 18. Ncxb6 Rxb6 19. Nxb6 Qxb6 20. Qe1 Ra8 21. Qc3
Qb4 22. Ra4 Qxc3 23. bxc3 Bd2 24. c4 f5 25. f3 f4 26. Rd1 Bc3 27. Kg1 Kf7 28.
Kf1 Kf6 29. h4 Rh8 30. Ke2 g5 31. Rh1 g4 32. Ra2 gxf3+ 33. gxf3 Rg8 34. Kf2 Rg3
35. Rh2 Bd4+ 36. Kf1 Rxf3+ 37. Ke2 Rg3 38. Rxa5 Be3 39. Rh1 Bg4+ 40. Kf1 f3 0-1

[Event "World's Challenge - Game 004"]
[Site "http://www.queenalice.com/game.php?id=1465282"]
[Date "2017.2.19"]
[Round "-"]
[White "anceliogondim"]
[Black "AyltonChessGM"]
[Result "1-0"]
[WhiteElo "2038"]
[BlackElo "2213"]

1. Nf3 d5 2. b3 Nf6 3. e3 c5 4. Be2 Nc6 5. Bb2 e6 6. Ne5 Nxe5 7. Bxe5 Be7 8. d4
cxd4 9. Qxd4 O-O 10. Nc3 Bd7 11. O-O a6 12. Rfd1 Rc8 13. a3 Bc5 14. Qf4 Be7 15.
e4 dxe4 16. Nxe4 Nxe4 17. Qxe4 Rc6 18. Qd4 f6 19. Qxd7 fxe5 20. Qxb7 Rd6 21.
Rxd6 Qxd6 22. b4 Qd4 23. Rf1 Bh4 24. g3 Bg5 25. Qxa6 Rf6 26. c4 e4 27. Bg4 Kf7
28. Qb7+ Kg6 29. Qb5 h6 30. Qe8+ Kh7 31. Bxe6 1-0

[Event "Let's Play Chess!"]
[Site "http://www.queenalice.com/game.php?id=1633340"]
[Date "2020.11.18"]
[Round "-"]
[White "anceliogondim"]
[Black "charles31"]
[Result "0-1"]
[WhiteElo "2061"]
[BlackElo "1527"]

1. e4 e5 2. Nf3 d6 3. Nc3 a6 4. Bc4 h6 5. Qe2 Nf6 6. h3 Nc6 7. a3 Be6 8. Bxe6
fxe6 9. d3 Nh5 10. Nxe5 Nxe5 11. Qxh5+ Nf7 0-1

[Event "AUTO-MASTER-3007"]
[Site "http://www.queenalice.com/game.php?id=1633500"]
[Date "2020.11.19"]
[Round "1"]
[White "Pin"]
[Black "anceliogondim"]
[Result "0-1"]
[WhiteElo "1959"]
[BlackElo "2062"]

1. e4 e5 2. Nf3 d6 3. d4 f6 4. Bc4 Bd7 5. dxe5 fxe5 6. Nxe5 Nf6 7. Nf7 Qe7 8.
Nxh8 Qxe4+ 9. Qe2 Qxe2+ 10. Kxe2 d5 11. Bb3 g6 12. Bg5 Bg7 13. Bxf6 Bxf6 14.
Bxd5 c6 15. Bb3 Bxb2 16. Nd2 Bxh8 17. Rae1 Kf8 18. Nc4 c5 19. Kd1 b5 0-1

[Event "AUTO-MASTER-3007"]
[Site "http://www.queenalice.com/game.php?id=1633501"]
[Date "2020.11.19"]
[Round "1"]
[White "anceliogondim"]
[Black "Pin"]
[Result "1-0"]
[WhiteElo "2074"]
[BlackElo "1947"]

1. e4 c5 2. Nc3 Nc6 3. Bc4 e6 4. a3 d6 5. Nf3 Nf6 6. d3 Be7 7. h3 O-O 8. O-O Bd7
9. Bd2 a6 10. Ba2 Rc8 11. Be3 e5 12. Bc4 Be6 13. Bxe6 fxe6 14. Ng5 Qd7 15. Kh1
d5 16. Na4 Bd8 17. Nxc5 Qe8 18. Ncxe6 1-0

[Event "AUTO-MASTER-3007"]
[Site "http://www.queenalice.com/game.php?id=1633522"]
[Date "2020.11.19"]
[Round "1"]
[White "juki"]
[Black "anceliogondim"]
[Result "0-1"]
[WhiteElo "2139"]
[BlackElo "2106"]

1. b3 e6 2. Bb2 Nf6 3. f4 d5 4. Nf3 Bd6 5. e3 O-O 6. c4 b6 7. cxd5 exd5 8. Be2
Re8 9. O-O Nc6 10. Qc1 Bd7 11. Na3 a6 12. Bd3 Nb4 13. Bb1 c5 14. Ne5 Be6 15. Bc3
Ng4 16. Nxg4 Bxg4 17. Qb2 f6 18. Bxb4 cxb4 19. Nc2 Qc7 0-1

[Event "AUTO-MASTER-3007"]
[Site "http://www.queenalice.com/game.php?id=1633523"]
[Date "2020.11.19"]
[Round "1"]
[White "anceliogondim"]
[Black "juki"]
[Result "1-0"]
[WhiteElo "2089"]
[BlackElo "2172"]

1. e4 d6 2. c4 g6 3. d4 Bg7 4. Nc3 Nc6 5. Be3 e5 6. d5 Nd4 7. Nge2 Nxe2 8. Bxe2
Bh6 9. Bxh6 Nxh6 10. Qd2 Ng4 11. h3 Nf6 12. O-O Qe7 13. Qh6 Qf8 14. Qh4 Qe7 15.
Nb5 1-0

[Event "Let's Play Chess!"]
[Site "http://www.queenalice.com/game.php?id=1642809"]
[Date "2021.2.8"]
[Round "-"]
[White "anceliogondim"]
[Black "edkgpp"]
[Result "0-1"]
[WhiteElo "2119"]
[BlackElo "2282"]

1. e4 c5 2. Nf3 d6 3. Bb5+ Bd7 4. Bxd7+ Qxd7 5. O-O Nc6 6. c3 Nf6 7. d4 Nxe4 8.
d5 Ne5 9. Re1 Nxf3+ 10. Qxf3 Nf6 11. c4 Qg4 12. Qxg4 Nxg4 13. Bf4 O-O-O 14. Nc3
h6 15. Re2 g5 16. Bg3 Kd7 17. Rae1 Nf6 18. f3 Nh5 19. Bf2 Nf4 20. Re3 Ng6 21.
Ne4 Bg7 22. Ra3 Ra8 23. Rb3 b6 24. Be3 f5 25. Nd2 Rhe8 26. g3 e6 27. dxe6+ Rxe6
28. Rd1 Rae8 29. Bf2 Ne5 30. Kf1 Nc6 31. a3 Bd4 32. Re1 Bxf2 33. Rxe6 Rxe6 34.
Kxf2 Nd4 35. Re3 Kc6 36. Rxe6 Nxe6 37. Ke3 d5 38. cxd5+ Kxd5 39. f4 gxf4+ 40.
gxf4 a5 41. a4 c4 42. Nb1 Kc5 43. Nc3 Kb4 44. Nd5+ Kxa4 45. Nxb6+ Kb3 46. h3 a4
0-1

[Event "Let's Play Chess!"]
[Site "http://www.queenalice.com/game.php?id=1648482"]
[Date "2021.4.4"]
[Round "-"]
[White "anceliogondim"]
[Black "zhiii00"]
[Result "1-0"]
[WhiteElo "2113"]
[BlackElo "2196"]

1. e4 c5 2. Nf3 Nc6 3. Nc3 d6 4. Bb5 Bd7 5. Bxc6 Bxc6 6. d4 cxd4 7. Nxd4 e6 8.
Qf3 Be7 9. O-O Qc7 10. Re1 Nf6 11. Qg3 O-O 12. Bh6 Ne8 13. Rad1 Kh8 14. Bg5 a6
15. Bxe7 Qxe7 16. e5 d5 17. f4 g6 18. Re3 Ng7 19. Qe1 Bd7 20. Rh3 Nf5 21. Nxf5
gxf5 22. Ne2 Rg8 23. Ng3 Rg6 24. Nh5 Rag8 25. Nf6 Qc5+ 26. Kh1 1-0

[Event "upanema online"]
[Site "http://www.queenalice.com/game.php?id=1648926"]
[Date "2021.4.7"]
[Round "2"]
[White "anceliogondim"]
[Black "australia"]
[Result "1-0"]
[WhiteElo "2127"]
[BlackElo "1749"]

1. e4 e5 2. Nf3 Qf6 3. Nc3 c6 4. d4 exd4 5. Bg5 Qd6 6. Nxd4 h6 7. Bh4 Qg6 8. Qe2
Be7 9. Bg3 Nf6 10. Nf5 Bb4 11. Bd6 Ba5 12. b4 Bb6 13. Nd5 Kd8 14. Be7+ 1-0